000 02799cam a2200445 4500500
005 20251228073528.0
041 _afre
042 _adc
100 1 0 _aMorel, Geneviève
_eauthor
245 0 0 _aLacan et l'oubli du rire de Marx
260 _c2013.
500 _a81
520 _aIl s’agit de traiter trois propositions qui s’articulent étroitement : premièrement, le côté spirituel de Lacan, justement inimitable sauf à sombrer dans le ridicule, et son intérêt pour le Witz sont au cœur de ce qu’on a appelé le « retour à Freud » de Lacan dans les années 1950. Deuxièmement, son abord de la parole et du langage par le mot d’esprit définit une position matérialiste dans l’approche du symptôme analytique, dans un sens que je tente de préciser ici. Troisièmement, un levier essentiel de cette approche est l’appui pris, dès les années 1950, sur la lecture de Marx, qu’on oublie souvent parce que Lacan l’a lui-même mise entre parenthèses jusqu’à la presque fin des années 1960. Or, cette lecture recèle des oublis répétés de Marx qui témoignent d’un vertige de Lacan quant à la cause du célèbre rire du capitaliste dans Le capital de Marx.
520 _aLacan and the oblivion of Marx’s laughterI intend to analyze three propositions which are closely interconnected : first the witty side of Lacan, rightly inimitable unless one sinks into utter ridicule, and his interest for the “Witz” which are both at the core of what is qualified as his return to Freud in the 50’s. Secondly, his approach of speech and language through witticism which defines a materialist stance in his dealing with analytical symptoms in a sense which I try to explicit. Third, an essential lever of his approach in the 50’s stems from his reading Marx which is often forgotten since Lacan himself left it aside up to the end of the 60’s. Now, his reading reveals repeated oblivions of Marx which testify to Lacan’s vertigo as to the famous laughter of the capitalist in Marx’s The Capital.
690 _aFreud
690 _aHeine
690 _aLacan
690 _aMarx
690 _amétaphore
690 _amétonymie
690 _amot d'esprit
690 _aplus-de-jouir
690 _aplus-value
690 _arire
690 _avaleur
690 _aWitz
690 _a« plus de jouir »
690 _aFreud
690 _aHeine
690 _aLacan
690 _alaughter
690 _aMarx
690 _ametaphor
690 _ametonymy
690 _avalue
690 _awitticism
690 _aWitz
786 0 _nSavoirs et clinique | 16 | 1 | 2013-02-01 | p. 17-26 | 1634-3298
856 4 1 _uhttps://shs.cairn.info/revue-savoirs-et-cliniques-2013-1-page-17?lang=fr&redirect-ssocas=7080
999 _c1595391
_d1595391